<?xml version="1.0" encoding="UTF-8"?>
<record
    xmlns:xsi="http://www.w3.org/2001/XMLSchema-instance"
    xsi:schemaLocation="http://www.loc.gov/MARC21/slim http://www.loc.gov/standards/marcxml/schema/MARC21slim.xsd"
    xmlns="http://www.loc.gov/MARC21/slim">

  <leader>00987cam a22002651  4500</leader>
  <controlfield tag="001">gs 51000113 </controlfield>
  <controlfield tag="003">DLC</controlfield>
  <controlfield tag="005">20260227111357.0</controlfield>
  <controlfield tag="008">810709s1930    idu           000 0 eng c</controlfield>
  <datafield tag="010" ind1=" " ind2=" ">
    <subfield code="a">gs 51000113 </subfield>
  </datafield>
  <datafield tag="035" ind1=" " ind2=" ">
    <subfield code="a">(OCoLC)7567635</subfield>
  </datafield>
  <datafield tag="040" ind1=" " ind2=" ">
    <subfield code="a">U. S. Geol. Survey. Libr.</subfield>
    <subfield code="c">GStG</subfield>
    <subfield code="d">GStG</subfield>
    <subfield code="d">DLC</subfield>
  </datafield>
  <datafield tag="042" ind1=" " ind2=" ">
    <subfield code="a">premarc</subfield>
  </datafield>
  <datafield tag="050" ind1="0" ind2="0">
    <subfield code="a">TN24.I2</subfield>
    <subfield code="b">A43 no. 90</subfield>
  </datafield>
  <datafield tag="082" ind1=" " ind2=" ">
    <subfield code="a">553.4</subfield>
  </datafield>
  <datafield tag="100" ind1="1" ind2=" ">
    <subfield code="a">Anderson, Alfred Leonard,</subfield>
    <subfield code="d">1900-1964.</subfield>
  </datafield>
  <datafield tag="245" ind1="1" ind2="0">
    <subfield code="a">Detailed geology of certain areas in the Mineral Hill and Warm Springs mining districts, Blaine County, Idaho,</subfield>
    <subfield code="c">by A. L. Anderson, T. H. Kiilsgaard and V. C. Fryklund, Jr.</subfield>
  </datafield>
  <datafield tag="260" ind1=" " ind2=" ">
    <subfield code="a">Moscow,</subfield>
    <subfield code="b">University of Idaho,</subfield>
    <subfield code="c">1950.</subfield>
  </datafield>
  <datafield tag="300" ind1=" " ind2=" ">
    <subfield code="a">viii, 73 p.</subfield>
    <subfield code="b">plates, maps (part fold.)</subfield>
    <subfield code="c">28 cm.</subfield>
  </datafield>
  <datafield tag="410" ind1="2" ind2="0">
    <subfield code="a">Idaho Bureau of Mines and Geology.</subfield>
    <subfield code="t">Pamphlet,</subfield>
    <subfield code="v">no. 90</subfield>
  </datafield>
  <datafield tag="500" ind1=" " ind2=" ">
    <subfield code="a">Cover title.</subfield>
  </datafield>
  <datafield tag="504" ind1=" " ind2=" ">
    <subfield code="a">"References" : p.73.</subfield>
  </datafield>
  <datafield tag="650" ind1=" " ind2="0">
    <subfield code="a">Geology</subfield>
    <subfield code="z">Idaho</subfield>
    <subfield code="z">Blaine County.</subfield>
  </datafield>
  <datafield tag="650" ind1=" " ind2="0">
    <subfield code="a">Mines and mineral resources</subfield>
    <subfield code="z">Idaho</subfield>
    <subfield code="z">Blaine County.</subfield>
  </datafield>
  <datafield tag="999" ind1=" " ind2=" ">
    <subfield code="c">28546</subfield>
    <subfield code="d">28546</subfield>
  </datafield>
</record>
